[Event "Bled Olympiad"]
[Site "Bled SLO"]
[Date "2002.10.30"]
[EventDate "2002.10.26"]
[Round "5"]
[Result "1/2-1/2"]
[White "Helgi Ass Gretarsson"]
[Black "Khaled Abdel Razik"]
[WhiteElo "2508"]
[BlackElo "2354"]
[PlyCount "52"]

1. d4 Nf6 2. c4 c5 3. d5 b5 4. cxb5 a6 5. bxa6 Bxa6 6. Nc3 g6
7. e4 Bxf1 8. Kxf1 d6 9. Nf3 Nbd7 10. h3 Bg7 11. g3 O-O
12. Kg2 Qa5 13. Re1 Rfb8 14. e5 dxe5 15. Nxe5 Nxe5 16. Rxe5
Rb7 17. d6 exd6 18. Qxd6 Rc8 19. Qd1 Qa8 20. Qf3 Ng4 21. Re2
Ne5 22. Qe4 Rd8 23. Rd2 Re8 24. Re2 Rd8 25. Kh2 Nd3 26. Nd1 h6
1/2-1/2

[Event "Bled Olympiad"]
[Site "Bled SLO"]
[Date "2002.10.30"]
[EventDate "2002.10.26"]
[Round "5"]
[Result "0-1"]
[White "Miljenko Medic"]
[Black "Lev Psakhis"]
[WhiteElo "2308"]
[BlackElo "2588"]
[PlyCount "96"]

1. d4 Nf6 2. c4 e6 3. Nf3 c5 4. d5 d6 5. Nc3 exd5 6. cxd5 g6
7. e4 a6 8. a4 Bg4 9. Be2 Bxf3 10. Bxf3 Nbd7 11. Bf4 Qe7
12. O-O Bg7 13. Re1 O-O 14. a5 h5 15. h3 Nh7 16. Qd2 Rfe8
17. Na4 Rab8 18. Be2 Bd4 19. Bf1 Qf6 20. Ra2 Rbc8 21. Bc4 Re7
22. Ra3 Rce8 23. Bd3 Ne5 24. Bf1 g5 25. Be3 Bxe3 26. Raxe3 g4
27. Be2 Kh8 28. hxg4 hxg4 29. Rg3 Rg8 30. Nb6 Rg6 31. Bxa6 Qh4
32. Qf4 bxa6 33. Qd2 Qf6 34. Qf4 Qh4 35. Kf1 Rh6 36. Ree3 Rf6
37. Qf3 Qh1+ 38. Ke2 Rg6 39. Qf4 Qh4 40. Kf1 Rh6 41. Re1 f5
42. Ree3 fxe4 43. Rxe4 Rf6 44. Qe3 Qh1+ 45. Ke2 Ref7 46. f4
gxf3+ 47. gxf3 Rxf3 48. Rxf3 Rxf3 0-1

[Event "Bled Olympiad"]
[Site "Bled SLO"]
[Date "2002.10.30"]
[EventDate "2002.10.26"]
[Round "5"]
[Result "1-0"]
[White "Boris Avrukh"]
[Black "Bogdan Bieluczyk"]
[WhiteElo "2595"]
[BlackElo "2257"]
[PlyCount "51"]

1. d4 Nf6 2. c4 d6 3. Nc3 Nbd7 4. Nf3 e5 5. Bg5 Be7 6. e3 c6
7. Qc2 h6 8. Bh4 Nh5 9. Bxe7 Qxe7 10. Be2 Nhf6 11. O-O O-O
12. e4 Re8 13. Rfe1 Nf8 14. d5 c5 15. a3 Nh5 16. g3 Bg4
17. Nh4 Bxe2 18. Nf5 Qg5 19. Qxe2 g6 20. Nxd6 Re7 21. b4 b6
22. bxc5 bxc5 23. Rab1 Qf6 24. Nb7 Nd7 25. d6 Ree8 26. Nd5 1-0

[Event "Bled Olympiad"]
[Site "Bled SLO"]
[Date "2002.10.30"]
[EventDate "2002.10.26"]
[Round "5"]
[Result "0-1"]
[White "Igor Yarmonov"]
[Black "Alexander Huzman"]
[WhiteElo "2355"]
[BlackElo "2595"]
[PlyCount "101"]

1. d4 Nf6 2. c4 e6 3. Nc3 Bb4 4. e3 O-O 5. Bd3 d5 6. cxd5 Nxd5
7. Qc2 h6 8. Nf3 c5 9. O-O cxd4 10. exd4 Nc6 11. a3 Be7
12. Bh7+ Kh8 13. Be4 Bf6 14. Rd1 Nce7 15. Qb3 b6 16. Nxd5 Nxd5
17. Bf4 Bb7 18. Bg3 Qe7 19. Ne5 Rac8 20. Rac1 Kg8 21. f4 Rxc1
22. Rxc1 Nxf4 23. Qf3 Bxe4 24. Qxe4 Nd5 25. Rc6 Qb7 26. Qc2
Rd8 27. Nf3 Be7 28. Ne5 a5 29. h3 b5 30. Be1 b4 31. a4 Bf6
32. Bf2 Nf4 33. Be3 Nd5 34. Bf2 Ra8 35. Qc5 Be7 36. Qc4 b3
37. Nd3 Bf8 38. Nc1 Nb4 39. Rc7 Qe4 40. Qxb3 Bd6 41. Rc4 Rb8
42. Qc3 Kh7 43. Kf1 Qb1 44. Ke2 f5 45. b3 Qe4+ 46. Qe3 Qa8
47. Qf3 Nd5 48. Bg3 Qa6 49. Bxd6 Qxd6 50. Kd3 Qa3 51. Qd1 0-1

[Event "Bled Olympiad"]
[Site "Bled SLO"]
[Date "2002.10.30"]
[EventDate "2002.10.26"]
[Round "5.4"]
[Result "1/2-1/2"]
[White "Mark Bluvshtein"]
[Black "Everaldo Matsuura"]
[WhiteElo "2449"]
[BlackElo "2453"]
[PlyCount "85"]

1. e4 e5 2. Nf3 Nc6 3. Bb5 a6 4. Ba4 Nf6 5. O-O Be7 6. Re1 b5
7. Bb3 O-O 8. c3 d6 9. h3 Na5 10. Bc2 c5 11. d4 Qc7 12. Nbd2
cxd4 13. cxd4 Bb7 14. d5 Rac8 15. Bb1 Nh5 16. Nf1 Nf4 17. Ne3
Qxc1 18. Qxc1 Rxc1 19. Rxc1 Ne2+ 20. Kf1 Nxc1 21. Bc2 Nxa2
22. Rxa2 Nc4 23. Nxc4 bxc4 24. Ra4 Rc8 25. Rb4 Rc7 26. Nd2 a5
27. Rb6 f5 28. Ba4 fxe4 29. Bc6 Bxc6 30. Rxc6 Rb7 31. Nxc4 Rb5
32. Nxd6 Bxd6 33. Rxd6 Rxb2 34. Ra6 Rb5 35. d6 Rd5 36. d7 Rxd7
37. Rxa5 e3 38. fxe3 Re7 39. Kf2 Kf7 40. Kf3 Kf6 41. Ra6+ Re6
42. Ra7 Rb6 43. Ra5 1/2-1/2

[Event "Bled Olympiad"]
[Site "Bled SLO"]
[Date "2002.10.30"]
[EventDate "2002.10.26"]
[Round "5"]
[Result "0-1"]
[White "Philip Corbin"]
[Black "John K Shaw"]
[WhiteElo "2255"]
[BlackElo "2484"]
[PlyCount "70"]

1. d4 d5 2. c4 c6 3. e3 Nf6 4. Nf3 Bg4 5. Nc3 e6 6. h3 Bh5
7. g4 Bg6 8. Ne5 Nbd7 9. Nxg6 hxg6 10. g5 Ng8 11. Qb3 Qb6
12. Qc2 Ne7 13. c5 Qc7 14. f4 Nf5 15. Bd3 Be7 16. Ne2 b6
17. cxb6 Qxb6 18. Bd2 c5 19. Qa4 Rb8 20. b3 Bd6 21. Qa6 Qxa6
22. Bxa6 cxd4 23. exd4 f6 24. Rc1 Kf7 25. Kf2 fxg5 26. fxg5
Rh4 27. Rc6 Ke7 28. Bd3 Nxd4 29. Nxd4 Rxd4 30. Rd1 Rxd3
31. Bf4 Bxf4 32. Rxd3 Ne5 33. Rc7+ Kd8 34. Rdc3 Ng4+ 35. hxg4
Bxc7 0-1

[Event "Bled Olympiad"]
[Site "Bled SLO"]
[Date "2002.10.30"]
[EventDate "2002.10.26"]
[Round "5"]
[Result "1-0"]
[White "Colin A McNab"]
[Black "Delisle Warner"]
[WhiteElo "2406"]
[BlackElo "2232"]
[PlyCount "113"]

1. c4 e6 2. Nf3 Nf6 3. g3 a6 4. Bg2 b5 5. b3 c5 6. Nc3 Qb6
7. O-O Bb7 8. d3 Be7 9. e4 d6 10. h3 Nc6 11. Be3 Nd7 12. d4
Bf6 13. e5 dxe5 14. dxc5 Nxc5 15. Ne4 Nd4 16. Nxf6+ gxf6
17. Nxd4 Rd8 18. Bxb7 exd4 19. Bh6 Nxb7 20. Bg7 Rg8 21. Bxf6
Rd7 22. Qf3 bxc4 23. bxc4 Nd8 24. Rab1 Qc7 25. Rfd1 Qxc4
26. Qe4 Rg6 27. Rxd4 Rxd4 28. Qxd4 Qxd4 29. Bxd4 Nc6 30. Be3
e5 31. Rb6 f5 32. Kf1 Ne7 33. Rb8+ Kf7 34. Rb7 Ke8 35. Ke2 Nd5
36. Rxh7 Rc6 37. Bd2 Rc2 38. Rh6 e4 39. Rxa6 Nc3+ 40. Ke1 Nxa2
41. Ra5 Ke7 42. Rxf5 Ke6 43. Rb5 Kd6 44. h4 Nc3 45. Bxc3 Rxc3
46. Ke2 Ke6 47. h5 Kf6 48. h6 Kg6 49. Rb6+ Kh7 50. Re6 Rc4
51. Ke3 Ra4 52. g4 Rb4 53. g5 Rb5 54. Kf4 Rb2 55. Re7+ Kg8
56. g6 Rxf2+ 57. Kxe4 1-0

[Event "Bled Olympiad"]
[Site "Bled SLO"]
[Date "2002.10.30"]
[EventDate "2002.10.26"]
[Round "5"]
[Result "1-0"]
[White "Paul Motwani"]
[Black "Ricardo Szmetan"]
[WhiteElo "2525"]
[BlackElo "2282"]
[PlyCount "71"]

1. d4 c5 2. d5 e5 3. e4 d6 4. f4 exf4 5. Bxf4 Ne7 6. Bb5+ Bd7
7. Bxd7+ Qxd7 8. Nd2 Ng6 9. Bg3 Be7 10. Ngf3 f6 11. O-O O-O
12. Nc4 Ne5 13. Nfxe5 fxe5 14. Rxf8+ Bxf8 15. Qf3 Na6 16. Rf1
g6 17. Qf6 Nc7 18. a4 Qe7 19. Nxd6 Qxf6 20. Rxf6 Ne8 21. Nxe8
Rxe8 22. d6 Rd8 23. Bxe5 Bg7 24. Re6 Bxe5 25. Rxe5 Rxd6
26. Rxc5 Rd4 27. Rc8+ Kf7 28. Rc7+ Kf6 29. Rxb7 Rxa4 30. Rxh7
Ra1+ 31. Kf2 Rc1 32. Rc7 Ke5 33. Kf3 Rf1+ 34. Kg3 Rc1 35. Rc4
a5 36. b3 1-0

[Event "Bled Olympiad"]
[Site "Bled SLO"]
[Date "2002.10.30"]
[EventDate "2002.10.26"]
[Round "5"]
[Result "1/2-1/2"]
[White "Gary W Lane"]
[Black "Adlane Arab"]
[WhiteElo "2436"]
[BlackElo "2227"]
[PlyCount "174"]

1. e4 c6 2. d4 d5 3. Nd2 dxe4 4. Nxe4 Nf6 5. Nxf6+ exf6 6. c3
Bd6 7. Bd3 O-O 8. Qc2 Re8+ 9. Ne2 g6 10. Bh6 Be6 11. O-O Qc7
12. h3 Nd7 13. c4 f5 14. Bg5 Be7 15. Bxe7 Rxe7 16. Qc3 Nf8
17. Kh1 Rd8 18. Rad1 Bc8 19. Ng1 Ne6 20. Bc2 Red7 21. Nf3 Qf4
22. Rfe1 Rd6 23. d5 Nc5 24. Rd4 Qh6 25. b4 Ne4 26. Bxe4 fxe4
27. Rdxe4 Qf8 28. dxc6 bxc6 29. Ne5 Bf5 30. R4e3 Rc8 31. c5
Rdd8 32. Nc4 Rb8 33. Na5 Bd7 34. a4 Qg7 35. Qxg7+ Kxg7 36. Rd1
Be8 37. Rxd8 Rxd8 38. Nb7 Rd1+ 39. Kh2 Kf8 40. Nd6 Bd7 41. Rb3
a6 42. Rf3 f5 43. g4 Rd5 44. gxf5 gxf5 45. Kg3 Ke7 46. Re3+
Kf8 47. Kf4 Rd4+ 48. Ke5 Rxb4 49. Kf6 Rh4 50. Rb3 Rh6+ 51. Kg5
Rg6+ 52. Kf4 Rg2 53. Rb7 Ke7 54. Nc8+ Ke6 55. Nb6 Be8 56. Kf3
Rg1 57. Rxh7 Rc1 58. Nc8 Bf7 59. Rh6+ Ke5 60. Nb6 Be6 61. Ke3
Rc3+ 62. Kd2 Rxc5 63. f4+ Kd6 64. h4 Ke7 65. h5 Bb3 66. Rg6
Rc2+ 67. Kd3 Rh2 68. Rxc6 Rxh5 69. Kd4 Rh2 70. Ke5 Bc2
71. Nd5+ Kd7 72. Rxa6 Re2+ 73. Kd4 Bb3 74. Ne3 Ra2 75. a5 Ra4+
76. Kc5 Rxf4 77. Rb6 Be6 78. a6 Ra4 79. Rb7+ Kc8 80. Rb6 Kd7
81. Rb7+ Kc8 82. Kb6 f4 83. a7 fxe3 84. Rb8+ Kd7 85. a8=Q Rxa8
86. Rxa8 e2 87. Ra1 Bb3 1/2-1/2

[Event "Bled Olympiad"]
[Site "Bled SLO"]
[Date "2002.10.30"]
[EventDate "2002.10.26"]
[Round "5"]
[Result "0-1"]
[White "Saad Belouadah"]
[Black "Ian Rogers"]
[WhiteElo "2345"]
[BlackElo "2557"]
[PlyCount "66"]

1. d4 Nf6 2. Nf3 g6 3. c4 Bg7 4. Nc3 O-O 5. g3 d5 6. cxd5 Nxd5
7. Bg2 Nb6 8. O-O Nc6 9. e3 e5 10. d5 Na5 11. e4 c6 12. Bg5 f6
13. Be3 Re8 14. b3 cxd5 15. Bxb6 axb6 16. Nxd5 Nc6 17. Qd3 Ne7
18. Nxe7+ Qxe7 19. Qb5 Qe6 20. Rfd1 Ra5 21. Qd3 Bf8 22. Nd2
Bc5 23. Nc4 Ra8 24. Rd2 Bd4 25. Rc1 Bd7 26. Ne3 Bc6 27. Nd5
Rac8 28. Rdc2 Kg7 29. h3 Qd6 30. Kh2 Rcd8 31. a4 Rf8 32. Ne3
Rf7 33. Rd2 Bxe3 0-1

[Event "Bled Olympiad"]
[Site "Bled SLO"]
[Date "2002.10.30"]
[EventDate "2002.10.26"]
[Round "5"]
[Result "1-0"]
[White "Kamel Sebih"]
[Black "Aleksandar H Wohl"]
[WhiteElo "2323"]
[BlackElo "2422"]
[PlyCount "105"]

1. d4 e6 2. c4 b6 3. Nf3 Bb7 4. Nc3 Bb4 5. Qc2 f5 6. a3 Bxc3+
7. Qxc3 Nf6 8. e3 O-O 9. Be2 d6 10. b4 Nbd7 11. Bb2 Qe7
12. O-O Ne4 13. Qc2 Rf6 14. c5 Bd5 15. cxd6 cxd6 16. Qc7 g5
17. Rfd1 g4 18. Nd2 Rh6 19. Nxe4 Bxe4 20. Bd3 Rf8 21. Bxe4
fxe4 22. Rd2 Rf7 23. g3 Qg5 24. Qxd6 Qh5 25. f4 gxf3 26. Rf1
Qg5 27. Rdf2 Rg6 28. Rc1 h5 29. Rc8+ Nf8 30. d5 exd5 31. Qe5
Qxe5 32. Bxe5 h4 33. Rd2 hxg3 34. hxg3 Rf5 35. Bb8 d4 36. Rxd4
Rh6 37. Bf4 Re6 38. Rdd8 Rf7 39. Bd6 Ref6 40. Kf2 b5 41. Bc5
a6 42. g4 Kg7 43. Bd4 Ne6 44. Rg8+ Kh7 45. Rh8+ Kg6 46. Rhg8+
Kh7 47. Rh8+ Kg6 48. Bxf6 Rxf6 49. Rc6 Kg7 50. Rh5 Rg6 51. Re5
Kf7 52. Rxe4 Ng5 53. Rf4+ 1-0

[Event "Bled Olympiad"]
[Site "Bled SLO"]
[Date "2002.10.30"]
[EventDate "2002.10.26"]
[Round "5"]
[Result "1-0"]
[White "Mikhail Gluzman"]
[Black "Mohamed Henni"]
[WhiteElo "2417"]
[BlackElo "2265"]
[PlyCount "87"]

1. e4 c5 2. Nf3 d6 3. d4 cxd4 4. Nxd4 Nf6 5. Nc3 a6 6. a4 e5
7. Nf3 Be7 8. Be2 Qc7 9. O-O O-O 10. h3 h6 11. Re1 Be6 12. a5
Nbd7 13. Nd5 Nxd5 14. exd5 Bf5 15. c4 Bg6 16. b4 f5 17. Ba3
Nf6 18. c5 Bf7 19. Nxe5 dxe5 20. d6 Qd7 21. dxe7 Qxe7 22. Qc2
Ne4 23. b5 Qh4 24. Bd3 Bd5 25. Bxe4 fxe4 26. Rad1 Rfd8 27. c6
bxc6 28. bxc6 e3 29. c7 exf2+ 30. Qxf2 Qxf2+ 31. Kxf2 Rd7
32. Rxe5 Be6 33. Rxd7 Bxd7 34. Rd5 Bc8 35. Rd8+ Kf7 36. Ke3
Ke6 37. Bc5 Kf5 38. g3 g6 39. h4 Kg4 40. Bd6 Kf5 41. Kd4 Ke6
42. Kc5 Kf7 43. Kc6 Ke6 44. Re8+ 1-0

[Event "Bled Olympiad"]
[Site "Bled SLO"]
[Date "2002.10.30"]
[EventDate "2002.10.26"]
[Round "5"]
[Result "0-1"]
[White "Claude Wagener"]
[Black "Diogo Fernando"]
[WhiteElo "2199"]
[BlackElo "2408"]
[PlyCount "94"]

1. e4 c5 2. Nf3 d6 3. d4 cxd4 4. Nxd4 Nf6 5. Nc3 Nc6 6. Bg5 e6
7. Qd2 Qb6 8. Nb3 a6 9. Bd3 Qc7 10. O-O Be7 11. a4 h6 12. Be3
Ng4 13. Bf4 g5 14. Bg3 h5 15. f3 Nge5 16. a5 h4 17. Bf2 Nd7
18. Na4 Nce5 19. Bd4 Rg8 20. c4 Nc5 21. Nbxc5 dxc5 22. Nb6 Rb8
23. Bc3 Bd6 24. Bc2 Nd7 25. h3 Bf4 26. Qd3 Ne5 27. Qe2 Bd7
28. Rfd1 Bc6 29. Qf2 Nd7 30. Nxd7 Bxd7 31. Rd3 Ke7 32. Rad1
Rgd8 33. Qe2 Be8 34. Kf1 Rxd3 35. Qxd3 Be5 36. Qe3 f6 37. Qd3
Rc8 38. Qe3 Rd8 39. Rxd8 Kxd8 40. Qd3+ Ke7 41. Ke2 Bc6 42. Qe3
Bxc3 43. Qxc3 Qg3 44. Kf1 Qf4 45. Bd1 Bxe4 46. Ba4 g4 47. Kg1
gxf3 0-1

[Event "Bled Olympiad"]
[Site "Bled SLO"]
[Date "2002.10.30"]
[EventDate "2002.10.26"]
[Round "5"]
[Result "1/2-1/2"]
[White "Alberto David"]
[Black "Antonio Fernandes"]
[WhiteElo "2511"]
[BlackElo "2482"]
[PlyCount "115"]

1. e4 c6 2. d4 d5 3. Nc3 dxe4 4. Nxe4 Nd7 5. Ng5 e6 6. Bd3 Be7
7. N1f3 h6 8. Ne4 Ngf6 9. Qe2 c5 10. Nxf6+ Nxf6 11. dxc5 Qa5+
12. c3 Qxc5 13. Be3 Qh5 14. Bd4 Bd7 15. Ne5 Qxe2+ 16. Bxe2 Bd6
17. Bf3 Bxe5 18. Bxe5 O-O-O 19. O-O-O Bc6 20. Bxc6 bxc6
21. Bd4 Rd7 22. Bxf6 gxf6 23. Rxd7 Kxd7 24. Rd1+ Kc7 25. Rd4
Rg8 26. g3 Rg5 27. Rf4 f5 28. Rh4 Rg6 29. Kd2 f6 30. Kd3 c5
31. Kc4 Kc6 32. f3 a5 33. b4 cxb4 34. cxb4 axb4 35. Kxb4 Kd5
36. a4 e5 37. Rh5 Ke6 38. Kc3 Rg8 39. Rh4 Rb8 40. a5 Rc8+
41. Kb4 Rb8+ 42. Kc5 Rc8+ 43. Kb6 Kd5 44. Kb7 Re8 45. Ra4 e4
46. a6 e3 47. a7 e2 48. Ra1 Kd4 49. a8=Q Rxa8 50. Kxa8 Ke3
51. Kb7 Kf2 52. Kc6 e1=Q 53. Rxe1 Kxe1 54. Kd5 Kf2 55. Ke6
Kxf3 56. Kxf5 Kg2 57. Kxf6 Kxh2 58. g4 1/2-1/2

[Event "Bled Olympiad"]
[Site "Bled SLO"]
[Date "2002.10.30"]
[EventDate "2002.10.26"]
[Round "5"]
[Result "0-1"]
[White "Carlos Matamoros Franco"]
[Black "Mohamad Al-Modiahki"]
[WhiteElo "2459"]
[BlackElo "2550"]
[PlyCount "48"]

1. c4 Nf6 2. g3 g6 3. Bg2 Bg7 4. Nc3 O-O 5. e4 d6 6. Nge2 c5
7. O-O Nc6 8. d3 Ne8 9. Be3 Nd4 10. Rb1 Nc7 11. b4 b6 12. a4
Nc6 13. Na2 Bd7 14. h3 Nxb4 15. Nxb4 cxb4 16. Rxb4 Na6 17. Rb1
Nc5 18. d4 Nxa4 19. Rb4 Qe8 20. e5 a5 21. Rb5 Bxb5 22. cxb5
Qxb5 23. Bxa8 Rxa8 24. Qc2 Qd7 0-1

[Event "Bled Olympiad"]
[Site "Bled SLO"]
[Date "2002.10.30"]
[EventDate "2002.10.26"]
[Round "5"]
[Result "1/2-1/2"]
[White "Yakup Bayram"]
[Black "Farrukh Amonatov"]
[WhiteElo "2313"]
[BlackElo "2518"]
[PlyCount "169"]

1. d4 d5 2. c4 c6 3. Nc3 Nf6 4. cxd5 cxd5 5. Nf3 Nc6 6. g3 Bg4
7. Ne5 Bh5 8. Qa4 Qb6 9. e4 Qxd4 10. Bb5 Qxa4 11. Bxa4 O-O-O
12. Bxc6 bxc6 13. Nxc6 Rd7 14. e5 d4 15. Nxd4 Rxd4 16. exf6
gxf6 17. O-O e6 18. Be3 Rd7 19. a3 Be7 20. Rfc1 Kb7 21. Na4
Rhd8 22. Nc5+ Bxc5 23. Rxc5 Bf3 24. Rcc1 e5 25. h3 h5 26. Kh2
Rd5 27. Rc3 Be4 28. Rac1 R5d7 29. Bh6 f5 30. f3 Bd3 31. Bg5
Rg8 32. Rd1 e4 33. h4 Rg6 34. Kg1 Rb6 35. b4 a5 36. fxe4 fxe4
37. Rc4 Rd5 38. Rc5 Rxc5 39. bxc5 Rb3 40. Ra1 Kc6 41. Be3 Bb1
42. Kf2 a4 43. g4 hxg4 44. h5 g3+ 45. Kg2 Rxe3 46. Rxb1 Rb3
47. Rh1 Kxc5 48. h6 Rb8 49. Kxg3 Rh8 50. Kf4 Kd4 51. h7 e3
52. Rh2 Kd3 53. Rh3 Rxh7 54. Rxe3+ Kc2 55. Kg5 Rh1 56. Rf3
Rg1+ 57. Kf6 Rb1 58. Rf4 Rb6+ 59. Ke5 f6+ 60. Kd5 Kb3 61. Kc5
Rb8 62. Rxf6 Kxa3 63. Kc4 Ka2 64. Kc3 a3 65. Kc2 Rc8+ 66. Kd2
Kb3 67. Rb6+ Ka4 68. Ra6+ Kb4 69. Ra7 Rc4 70. Ra8 Kb3 71. Rb8+
Ka4 72. Ra8+ Kb3 73. Rb8+ Ka2 74. Rb7 Rc8 75. Rb6 Rh8 76. Rb7
Rh2+ 77. Kc1 Rb2 78. Rc7 Rb8 79. Kc2 Ka1 80. Rc6 a2 81. Rc7
Rh8 82. Kc1 Rh6 83. Rc8 Rh7 84. Rc6 Rh6 85. Rxh6 1/2-1/2

[Event "Bled Olympiad"]
[Site "Bled SLO"]
[Date "2002.10.30"]
[EventDate "2002.10.26"]
[Round "5"]
[Result "1-0"]
[White "Jamshed Isaev"]
[Black "Umut Atakisi"]
[WhiteElo "2440"]
[BlackElo "2340"]
[PlyCount "68"]

1. e4 c5 2. Nf3 Nc6 3. d4 cxd4 4. Nxd4 Nf6 5. Nc3 e5 6. Ndb5
d6 7. Bg5 a6 8. Na3 b5 9. Bxf6 gxf6 10. Nd5 Bg7 11. Qh5 Ne7
12. Ne3 f5 13. exf5 e4 14. O-O-O O-O 15. c3 Rb8 16. Nac2 a5
17. f3 b4 18. cxb4 axb4 19. Bc4 Qa5 20. f4 Ba6 21. Bb3 Bd3
22. Qg5 Bxc2 23. Nxc2 Qxf5 24. Qxe7 Qxf4+ 25. Kb1 Be5 26. Rhf1
Qxh2 27. Bxf7+ Kh8 28. Rh1 Qg3 29. Bd5 Qg6 30. Rde1 b3
31. axb3 Rf4 32. g3 Rg4 33. Rhf1 Bg7 34. Bxe4 Rxb3 1-0

[Event "Bled Olympiad"]
[Site "Bled SLO"]
[Date "2002.10.30"]
[EventDate "2002.10.26"]
[Round "5"]
[Result "1-0"]
[White "Vasilios Kotronias"]
[Black "Pierre Kuntz"]
[WhiteElo "2561"]
[BlackElo "2200"]
[PlyCount "59"]

1. e4 d5 2. exd5 Nf6 3. Nf3 Nxd5 4. d4 g6 5. Be2 Bg7 6. O-O
O-O 7. c4 Nb6 8. Nc3 c5 9. d5 e6 10. Bg5 Qd7 11. Qb3 Na6
12. Be3 Qe7 13. Rfd1 Nd7 14. a3 b6 15. dxe6 fxe6 16. Bg5 Qf7
17. Ne4 Ne5 18. Nd6 Qc7 19. Qe3 Nc6 20. Nb5 Qf7 21. Rd2 Nab8
22. Rad1 a6 23. Nd6 Qc7 24. Bh6 Bd7 25. Bxg7 Kxg7 26. b4 Ne7
27. Ne5 Ba4 28. Qc3 Kg8 29. Ng4 Nf5 30. Nxf5 1-0

[Event "Bled Olympiad"]
[Site "Bled SLO"]
[Date "2002.10.30"]
[EventDate "2002.10.26"]
[Round "5"]
[Result "1/2-1/2"]
[White "Amon Simutowe"]
[Black "Erald Dervishi"]
[WhiteElo "2383"]
[BlackElo "2513"]
[PlyCount "204"]

1. d4 Nf6 2. c4 e6 3. Nc3 d5 4. Nf3 Be7 5. Bg5 O-O 6. e3 Nbd7
7. Rc1 a6 8. c5 c6 9. Bd3 Re8 10. h3 g6 11. Bf4 Nh5 12. Bh2
Bf6 13. Be2 Ng7 14. e4 b6 15. cxb6 Qxb6 16. Qd2 Bb7 17. O-O c5
18. Na4 Qb4 19. Qxb4 cxb4 20. Rc7 Bc8 21. e5 Bd8 22. Rc2 Nf5
23. Rfc1 Bb7 24. b3 Ba5 25. Bf4 Rec8 26. Bd2 Ne7 27. Bg5 Rxc2
28. Rxc2 Nc6 29. Kf1 Rc8 30. Bd3 Kg7 31. h4 h6 32. Be3 Bd8
33. g4 f6 34. exf6+ Bxf6 35. g5 hxg5 36. hxg5 Bd8 37. Nc5 Nxc5
38. Rxc5 Bb6 39. Rc1 Rf8 40. Kg2 e5 41. Bxa6 Ba8 42. Rd1 Rf7
43. Bb5 e4 44. Nh2 Nd8 45. Ng4 Ne6 46. Ne5 Rc7 47. Bd7 Nf8
48. Bg4 Rc2 49. Ra1 Bb7 50. a3 Rc3 51. axb4 Rxb3 52. Ra4 Rb1
53. Bh3 Rd1 54. Bg4 Rb1 55. Nd7 Nxd7 56. Bxd7 Kf7 57. b5 Ke7
58. Bc6 Bxc6 59. bxc6 Bc7 60. Ra7 Kd8 61. Ra8+ Rb8 62. Ra6 Rb6
63. Ra5 Rxc6 64. Rxd5+ Ke7 65. Rb5 Kd7 66. Rd5+ Ke7 67. Kf1
Rb6 68. Rc5 Kd7 69. d5 Rb1+ 70. Kg2 Rd1 71. Rb5 Rd3 72. Kf1
Ra3 73. Rb7 Kc8 74. Rb4 Ra5 75. Rxe4 Rxd5 76. Re8+ Rd8 77. Re7
Rd7 78. Re4 Kd8 79. Bd4 Kc8 80. Re8+ Rd8 81. Re4 Kd7 82. Bf6
Re8 83. Rc4 Bd6 84. Kg2 Ke6 85. Kf3 Rb8 86. Re4+ Kf5 87. Rd4
Rb3+ 88. Kg2 Ke6 89. Ra4 Ra3 90. Re4+ Kf5 91. Rd4 Ke6 92. Bg7
Ra2 93. Kf3 Bc5 94. Re4+ Kd5 95. Re5+ Kd6 96. Re8 Rxf2+
97. Kg3 Kd7 98. Rg8 Ke6 99. Bf6 Kf5 100. Rc8 Rc2 101. Kf3 Rf2+
102. Kg3 Rc2 1/2-1/2

[Event "Bled Olympiad"]
[Site "Bled SLO"]
[Date "2002.10.30"]
[EventDate "2002.10.26"]
[Round "5"]
[Result "1/2-1/2"]
[White "Ilir Seitaj"]
[Black "Nase Lungu"]
[WhiteElo "2406"]
[BlackElo "2282"]
[PlyCount "65"]

1. e4 e5 2. Nf3 Nc6 3. Bb5 a6 4. Bxc6 dxc6 5. O-O f6 6. d4 Bg4
7. dxe5 Qxd1 8. Rxd1 fxe5 9. Rd3 Bd6 10. Nbd2 Nf6 11. Nc4 Bxf3
12. Rxf3 O-O 13. Re3 Bc5 14. Re2 Ng4 15. Be3 Bxe3 16. Nxe3
Nxe3 17. Rxe3 Rad8 18. Kf1 Rd2 19. Re2 Rd4 20. Ke1 Rfd8 21. f3
c5 22. Kf2 c4 23. c3 Rd3 24. Rae1 Kf7 25. a3 Ke6 26. h4 g6
27. h5 g5 28. Kg3 h6 29. Kf2 c5 30. Re3 Rd2+ 31. R3e2 R2d3
32. Re3 Rd2+ 33. R3e2 1/2-1/2

[Event "Bled Olympiad"]
[Site "Bled SLO"]
[Date "2002.10.30"]
[EventDate "2002.10.26"]
[Round "5"]
[Result "1/2-1/2"]
[White "Leonardo Valdes"]
[Black "John Arni Nilssen"]
[WhiteElo "2426"]
[BlackElo "2385"]
[PlyCount "119"]

1. c4 Nf6 2. Nf3 g6 3. g3 Bg7 4. Bg2 c5 5. Nc3 O-O 6. d4 d5
7. cxd5 Nxd5 8. Nxd5 Qxd5 9. dxc5 Qxd1+ 10. Kxd1 Rd8+ 11. Ke1
Na6 12. Nd2 Nxc5 13. f4 Bf5 14. Nc4 Rac8 15. Ne5 Nd7 16. Bxb7
Rc7 17. Bf3 Nxe5 18. fxe5 Bxe5 19. Kf2 Rc2 20. Be3 Rxb2
21. Bxa7 Rc2 22. Rad1 Rxd1 23. Rxd1 Rxa2 24. Bc5 Bf6 25. Rd8+
Kg7 26. Re8 Bd7 27. Rd8 Bb5 28. Rb8 Bc4 29. Rb7 e6 30. Rb4 Rc2
31. Rb8 Be5 32. Rc8 Bb3 33. Bf8+ Kf6 34. Rxc2 Bxc2 35. h4 h5
36. g4 hxg4 37. Bxg4 Bf5 38. Bf3 Bh3 39. Be4 Bc7 40. Bc6 Bg4
41. Be8 Bh5 42. e3 Bd1 43. Bc6 Bh5 44. Be8 e5 45. Bd7 e4
46. Be8 Bf3 47. Bd7 Ke5 48. Be8 Ke6 49. Bb4 Bh5 50. Bf8 f5
51. Bc6 f4 52. Bh6 fxe3+ 53. Kxe3 Bg3 54. Bg5 Bf3 55. Bxe4
Bxe4 56. Kxe4 Be1 57. Kf4 Bd2+ 58. Kg4 Bc3 59. h5 gxh5+
60. Kxh5 1/2-1/2

[Event "Bled Olympiad"]
[Site "Bled SLO"]
[Date "2002.10.30"]
[EventDate "2002.10.26"]
[Round "5"]
[Result "1/2-1/2"]
[White "Alejandro Ramirez Alvarez"]
[Black "Heini Olsen"]
[WhiteElo "2421"]
[BlackElo "2248"]
[PlyCount "82"]

1. e4 e5 2. Nf3 Nc6 3. Bb5 a6 4. Ba4 Nf6 5. O-O Be7 6. Re1 b5
7. Bb3 d6 8. c3 O-O 9. h3 Na5 10. Bc2 c5 11. d4 Qc7 12. Nbd2
Bd7 13. Nf1 Nc4 14. d5 Rfc8 15. Ng3 g6 16. Nh2 Be8 17. Qf3 Qd8
18. b3 Nb6 19. Bh6 Kh8 20. Rf1 Ng8 21. Be3 Bg5 22. Rae1 Qf6
23. Qd1 Rab8 24. Ng4 Qe7 25. f4 exf4 26. Bxf4 Bxf4 27. Rxf4
Bd7 28. Nh2 Rf8 29. Nf3 f6 30. Rh4 Kg7 31. Qd3 Nh6 32. Qe3 Nf7
33. Qd2 Rbe8 34. Rf1 Ng5 35. Rf4 Nf7 36. Nh2 Ne5 37. Rh4 Kg8
38. Rhf4 Bc8 39. Qf2 Kg7 40. Qe3 Rf7 41. Bd1 Ref8 1/2-1/2

[Event "Bled Olympiad"]
[Site "Bled SLO"]
[Date "2002.10.30"]
[EventDate "2002.10.26"]
[Round "5"]
[Result "0-1"]
[White "Veselin Georgiev"]
[Black "Ramon Mateo"]
[WhiteElo "2310"]
[BlackElo "2420"]
[PlyCount "84"]

1. e4 c5 2. Nf3 e6 3. d3 Nc6 4. g3 Nf6 5. Bg2 d5 6. Nbd2 Be7
7. O-O O-O 8. Re1 Re8 9. e5 Nd7 10. Nf1 f6 11. exf6 Bxf6
12. h4 Nf8 13. c3 b5 14. a3 Rb8 15. Ne3 e5 16. Ng5 Ne7 17. Ng4
Bxg4 18. Qxg4 Qc8 19. Qxc8 Rbxc8 20. f4 exf4 21. Bxf4 h6
22. Ne6 Nxe6 23. Rxe6 d4 24. Rae1 dxc3 25. bxc3 Bxc3 26. R1e2
Kf7 27. Bd6 Bf6 28. Bb7 Rcd8 29. Bxc5 Rxd3 30. Kg2 a5 31. h5
Rc3 32. Bd6 Rd3 33. Ba6 Rb3 34. a4 bxa4 35. Bc4 Kf8 36. Bf4
Rc8 37. Bxh6 Rxc4 38. Rxf6+ Kg8 39. Ra6 Nf5 40. Bf4 a3
41. Rxa5 Rb2 42. Kf1 Rxf4+ 0-1

[Event "Bled Olympiad"]
[Site "Bled SLO"]
[Date "2002.10.30"]
[EventDate "2002.10.26"]
[Round "5"]
[Result "0-1"]
[White "Bogdan Podlesnik"]
[Black "Jure Borisek"]
[WhiteElo "2385"]
[BlackElo "2401"]
[PlyCount "71"]

1. e4 e5 2. Nf3 Nc6 3. Nc3 Nf6 4. Bb5 Bd6 5. d3 h6 6. O-O O-O
7. h3 a6 8. Ba4 Re8 9. a3 Bf8 10. Bb3 b5 11. Be3 Bb7 12. Qd2
d6 13. Rfe1 Nb8 14. a4 c6 15. Nh2 d5 16. exd5 cxd5 17. d4 b4
18. Na2 Nc6 19. dxe5 Nxe5 20. Bd4 Ne4 21. Qd1 Nc6 22. c3 bxc3
23. bxc3 Nxd4 24. cxd4 Bd6 25. Nf3 Qf6 26. Rb1 Rad8 27. Rb2
Ng5 28. Nxg5 Qxg5 29. Rxe8+ Rxe8 30. g3 Bxg3 31. fxg3 Qxg3+
32. Kf1 Bc8 33. Bxd5 Bxh3+ 34. Bg2 Qh2 35. Bxh3 Qh1+ 36. Kf2
0-1